| 000 | 00856nam a22002057a 4500 | ||
|---|---|---|---|
| 999 |
_c57161 _d57161 |
||
| 003 | Ge_BSU | ||
| 005 | 20191209171700.0 | ||
| 008 | 191209s2019 ||||| |||| 00| 0 geo d | ||
| 020 | _a9789941953330 | ||
| 041 | _ageo | ||
| 080 | _a338.22 რ-86 | ||
| 100 |
_aროხვაძე, ირმა _95739 |
||
| 245 |
_aაუთსორსინგი და აუთსტაფინგი / _cმაია როხვაძე ; რედ. მანანა ხარხელი. |
||
| 264 |
_aთბილისი : _bსაჩინო, _c2019. |
||
| 300 |
_a176 გვ.: _bცხრ .; _c20 სმ. |
||
| 653 | _aეკონომიკა | ||
| 653 | _aეკონომიკური მდგომარეობა | ||
| 700 |
_aხარხელი, მანანა _eრედაქტორი _95740 |
||
| 942 |
_2udc _cBK |
||